000
00299nam a2200109Ia 4500
008
240129s9999 xx 000 0 und d
100
_a
ATRAY, SACHIN
245
0
_a
VIVAAH MELAAPAK MEIN MANGAL DOSH KA PRABHAAV
260
_b
MEWAR UNIVERSITY, CHITTORGARH
_c
2021
650
_a
Astrology
942
_c
THE
999
_c
218963
_d
218963